000 01595cam a2200397 a 4500
999 _c332278
_d332278
001 2155528
003 NUST
005 20171122120424.0
008 980702s1998 pk a b 001 0 eng
010 _a 98930419
020 _a9780195779400
025 _aP-E-98930419; 12
040 _aDLC
_cDLC
_dDLC
042 _alcode
043 _aa-pk---
_aa-ii---
050 0 0 _aDS425
_b.K43 1998
082 0 0 _a934 KEN
_bMAR
100 1 _aKenoyer, Jonathan M.
_96650
245 1 0 _aAncient cities of the Indus valley civilization /
_cJonathan Mark Kenoyer.
246 3 0 _aIndus valley civilization
250 _a1st ed.
260 _aKarachi :
_bOxford University Press ;
_aIslamabad :
_bAmerican Institute of Pakistan Studies,
_c1998.
300 _a260 p. :
_bchiefly col. ill. ;
_c28 cm.
500 _a"Dedicated to the memory of George F. Dales, Jr. (1927-1992) and Walter A. Fairservis, Jr. (1924-1994)"--T.p.
501 _aP.B
504 _aIncludes bibliographical references (p. 241-251) and index.
650 0 _aIndus civilization.
_96651
650 0 _aCities and towns, Ancient
_zPakistan.
_96652
650 0 _aCities and towns, Ancient
_zIndia.
_96653
651 0 _aPakistan
_xAntiquities.
_91751
651 0 _aIndia
_xAntiquities.
_96654
856 4 2 _3Publisher description
_uhttp://www.loc.gov/catdir/enhancements/fy0605/98930419-d.html
906 _a7
_bcbc
_corigode
_d3
_encip
_f19
_gy-gencatlg
942 _2ddc
_cBK
_kIESE